书目信息 |
| 题名: |
中国古代书籍史话
|
|
| 作者: | 李致忠 著 | |
| 分册: | ||
| 出版信息: | 北京 商务印书馆 1996.12 |
|
| 页数: | 177页 | |
| 开本: | 32开 | |
| 丛书名: | ||
| 单 册: | ||
| 中图分类: | G256.1 | |
| 科图分类: | ||
| 主题词: | 图书馆学 , 图书馆事业 | |
| 电子资源: | ||
| ISBN: | 7-100-02130-8 | |
| 000 | 00571nam0 2200205 45 | |
| 001 | 0009191525 | |
| 005 | 20000919154510.0 | |
| 010 | @a7-100-02130-8@d12.30元 | |
| 100 | @a20000919d1996 km y0chiy0120 ea | |
| 101 | 0 | @achi |
| 105 | @a z 000yy | |
| 200 | 1 | @a中国古代书籍史话@AZhong Guo Gu Dai Shu Ji Shi Hua@f李致忠著@FLi Zhi Zhong Zhu |
| 210 | @a北京@c商务印书馆@d1996.12 | |
| 215 | @a177页@d32开 | |
| 606 | 0 | @a图书馆学 |
| 606 | 0 | @a图书馆事业 |
| 690 | @aG256.1@v3 | |
| 701 | 0 | @a李致忠@4著 |
| 801 | @aCN@bPftUser@c20000919 | |
| 905 | @b148794-798@dG256.1@eL983@f5 | |
| 中国古代书籍史话/李致忠著.-北京:商务印书馆,1996.12 |
| 177页;32开 |
| ISBN 7-100-02130-8:12.30元 |
| ● |
| 相关链接 |
|
|
|
正题名:中国古代书籍史话
索取号:G256.1/L983
 
预约/预借
| 序号 | 登录号 | 条形码 | 馆藏地/架位号 | 状态 | 备注 |
| 1 | 148794 | 201487943 | 社科库409/409社科库 59排7列3层/ [索取号:G256.1/L983] | 在馆 | |
| 2 | 148795 | 201487952 | 社科库409/409社科库 59排7列3层/ [索取号:G256.1/L983] | 在馆 | |
| 3 | 148796 | 201487961 | 社科库409/409社科库 59排7列3层/ [索取号:G256.1/L983] | 在馆 | |
| 4 | 148797 | 201487970 | 社科库409/409社科库 59排7列3层/ [索取号:G256.1/L983] | 在馆 | |
| 5 | 148798 | 201487989 | 社科库409/409社科库 59排7列3层/ [索取号:G256.1/L983] | 在馆 |